MARC

Tag First Indicator Second Indicator Subfields
LEADER 00000cam a2200000 a 4500
001 in00000080771
005 20230801170345.0
008 830922s1978 vraa b 001 0 eng
010 |a  83204844  
016 7 |a 010194693  |2 Uk 
019 |a 5452906  |a 28992863  |a 952650334  |a 954267598 
020 |a 0643022457 
020 |a 9780643022454 
029 1 |a AU@  |b 000001651387 
029 1 |a AU@  |b 000044040450 
029 1 |a AU@  |b 000045119373 
029 1 |a GBVCP  |b 010979484 
029 1 |a NZ1  |b 12357596 
029 1 |a NZ1  |b 3113212 
029 1 |a AU@  |b 000054015412 
029 1 |a NZ1  |b 481687 
029 1 |a AU@  |b 000057401901 
029 1 |a AU@  |b 000057711274 
029 1 |a AU@  |b 000067473998 
035 |a (OCoLC)ocm10532788  
035 |a (OCoLC)10532788  |z (OCoLC)5452906  |z (OCoLC)28992863  |z (OCoLC)952650334  |z (OCoLC)954267598 
035 |a (OCoLC)ocm10532788  
040 |a DLC  |b eng  |c DLC  |d OCLCG  |d NIALS  |d UKMGB  |d OCLCO  |d OCLCF  |d OCLCQ  |d OCLCO  |d UX1  |d AGM  |d NZHMA  |d OCLCA  |d AGL  |d OCLCO  |d OXJ 
043 |a u-at--- 
050 0 0 |a SD397.E8  |b E9 1978 
060 4 |a SD 397 E86 1978 
070 |a SD397.E8E78 
082 0 0 |a 634.9/7342  |2 19 
245 0 0 |a Eucalypts for wood production /  |c edited by W.E. Hillis, A.G Brown. 
260 |a [Melbourne] :  |b Commonwealth Scientific and Industrial Research Organization, Australia,  |c 1978. 
300 |a xii, 434 pages :  |b illustrations (some color) ;  |c 26 cm 
336 |a text  |b txt  |2 rdacontent 
337 |a unmediated  |b n  |2 rdamedia 
338 |a volume  |b nc  |2 rdacarrier 
504 |a Includes bibliographical references and index. 
520 8 |a "A tribute to Stanley A. Clarke and Maxwell R. Jacobx ..." 
650 0 |a Eucalyptus  |z Australia. 
650 0 |a Forests and forestry  |z Australia. 
650 0 |a Wood  |z Australia. 
650 0 |a Timber  |z Australia. 
650 3 |a Eucalyptus. 
650 3 |a Wood products. 
650 3 |a Forest products. 
650 6 |a Eucalyptus  |z Australie. 
650 6 |a Bois  |z Australie. 
650 6 |a Bois d'œuvre  |z Australie. 
650 7 |a Eucalyptus.  |2 fast  |0 (OCoLC)fst00916344 
650 7 |a Forests and forestry.  |2 fast  |0 (OCoLC)fst00932632 
650 7 |a Timber.  |2 fast  |0 (OCoLC)fst01150988 
650 7 |a Wood.  |2 fast  |0 (OCoLC)fst01179191 
651 7 |a Australia.  |2 fast  |0 (OCoLC)fst01204543 
653 |a EUCALYPTS 
653 |a WOOD INDUSTRY 
653 |a SILVICULTURE 
700 1 |a Hillis, W. E. 
700 1 |a Brown, A. G.  |q (Alan Gordon),  |d 1931- 
710 2 |a CSIRO (Australia) 
776 0 8 |i Online version:  |t Eucalypts for wood production.  |d [Melbourne] : Commonwealth Scientific and Industrial Research Organization, Australia, 1978  |w (OCoLC)665224002 
948 |h HELD BY TXA - 116 OTHER HOLDINGS 
994 |a Z0  |b TXA 
999 f f |s db66d09e-5032-3482-a53b-52e9fda28918  |i 439bd362-ce3a-3ff7-8973-105df623b602  |t 0 
952 f f |p ric  |a Texas A&M University  |b Rellis Campus  |c Joint Library Facility  |d Remote Storage  |t 0  |e SD397.E8 E83  |h Library of Congress classification  |i unmediated -- volume  |m A14806237513 
998 f f |a SD397.E8 E83  |t 0  |l Remote Storage